20 Países en un Mapa Topológico - Estadísticas

Estadísticas generales
  • Esta prueba ha sido intentada 2.569 veces
  • La puntuación promedio es 14 de 20
Respuestas en el mapa
Las respuestas están codificadas por una escala verde-roja en el mapa de la prueba según el % correcto abajo.
 
Estadísticas de respuestas
País % Correcto
Canadá
93%
Brasil
91%
Chile
89%
Italia
76%
Guatemala
74%
Sudáfrica
74%
Argelia
73%
Portugal
71%
Turquía
71%
República Democrática del Congo
70%
Arabia Saudita
68%
Ucrania
68%
Grecia
67%
Andorra
64%
Israel
63%
Indonesia
58%
Mongolia
55%
Corea del Sur
52%
Vietnam
47%
Afganistán
45%
No se encontraron pruebas coincidentes
Distribución de puntuación
Porcentaje de gente con cada puntuación
Porcentaje por número respondido
Historial de tus puntuaciones
No has intentado esta prueba.